00000000cas 2200000zi 4500
0019.962791
003CaOODSP
00520260525100614
006m     o  d f      
007cr cn ||||||||
008260514d19911996oncbx p o    f0### 0fre|d
040 |aCaOODSP|bfre|erda|cCaOODSP
043 |an-cn---
0861 |aIu2-6F-PDF
1300 |aInterface (Ottawa, Ont.). |lFrançais.
24510|aInterface.
264 1|a[Ottawa] : |bIndustrie, sciences et technologie Canada = Industry, Science and Technology Canada, |c[1991-1996]
310 |aBimensuel
336 |atexte|btxt|2rdacontent/fre
337 |ainformatique|bc|2rdamedia/fre
338 |aressource en ligne|bcr|2rdacarrier/fre
3621 |aParaît depuis : Juillet 1991; ne paraît plus après : Printemps 1996.
500 |aPublié aussi en anglais sous le titre : Interface.
500 |aÉdition numérisée de l'imprimé [par Innovation, sciences et développement économique Canada].
550 |aPublié par : Industrie et sciences Canada, octobre/novembre 1993; Industrie Canada, 1994-1996.
588 |aDescription d'après : Juillet 1991; titre de départ du fichier PDF.
588 |aDernière livraison consultée : Printemps 1996.
61016|aCanada. |bIndustrie, sciences et technologie Canada|xGestion de l'information|vPériodiques.
61016|aCanada. |bIndustrie et sciences Canada|xGestion de l'information|vPériodiques.
61016|aCanada. |bIndustrie Canada|xGestion de l'information|vPériodiques.
655 7|aPériodiques|2rvmgf
7101 |aCanada. |bIndustrie, sciences et technologie Canada, |eorganisme de publication.
7101 |aCanada. |bIndustrie et sciences Canada, |eorganisme de publication.
7101 |aCanada. |bIndustrie Canada, |eorganisme de publication.
77508|tInterface.|w(CaOODSP)9.962792